[Event "Bastiais Master"]
[Site "Bastia"]
[Date "2003.??.??"]
[Round "?"]
[White "Casta, Jean Philippe"]
[Black "Jorge, Rene"]
[Result "0-1"]
[WhiteElo "1550"]
[BlackElo "1499"]
[PlyCount "50"]
[EventDate "2003.??.??"]
[EventType "swiss"]
[EventRounds "7"]
[EventCountry "FRA"]
[SourceTitle "EXT 2007"]
[Source "ChessBase"]
[SourceDate "2006.11.23"]
[SourceVersion "1"]
[SourceVersionDate "2006.11.23"]
[SourceQuality "1"]

1. e4 c5 2. Nf3 Nc6 3. d4 e6 4. b3 d5 5. Bd3 cxd4 6. Bb2 Qa5+ 7. c3 dxc3 8. Bxc3 Bb4 9. Qc2 d4 10. Bxb4 Qxb4+ 11. Nbd2 e5 12. 0-0 Nf6 13. h3 0-0 14. a3 Qd6 15. Nc4 Qc7 16. b4 Re8 17. Qb3 Be6 18. a4 Rac8 19. Rfc1 Qb8 20. Ng5 Bd7 21. b5 Nd8 22. Qb4 a5 23. Nxa5 h6 24. Nf3 Ne6 25. Nc4 Nf4 0-1

[Event "Bastiais Master"]
[Site "Bastia"]
[Date "2003.??.??"]
[Round "?"]
[White "Casta, Jean Philippe"]
[Black "Jorge, Rene"]
[Result "1-0"]
[WhiteElo "1550"]
[BlackElo "1499"]
[PlyCount "103"]
[EventDate "2003.??.??"]
[EventType "swiss"]
[EventRounds "7"]
[EventCountry "FRA"]
[SourceTitle "EXT 2007"]
[Source "ChessBase"]
[SourceDate "2006.11.23"]
[SourceVersion "1"]
[SourceVersionDate "2006.11.23"]
[SourceQuality "1"]

1. e4 e6 2. d4 c5 3. Nf3 d5 4. Bb5+ Bd7 5. Qe2 Qa5+ 6. Nc3 c4 7. Bxd7+ Nxd7 8. Bd2 Qb6 9. exd5 Ngf6 10. dxe6 Qxe6 11. Qxe6+ fxe6 12. a3 h6 13. Nb5 Kd8 14. Bb4 a6 15. Bxf8 Rxf8 16. Nd6 b5 17. a4 Kc7 18. axb5 Kxd6 19. bxa6 Ra7 20. 0-0 Rb8 21. Ra2 Ne8 22. Nd2 Kd5 23. c3 Rb5 24. Rb1 Nb8 25. Rba1 Nc7 26. b3 Rxb3 27. Nxb3 cxb3 28. Ra5+ Kd6 29. Rb1 Rxa6 30. Rxa6+ Nbxa6 31. Rxb3 Kd5 32. Ra3 Kc4 33. Kf1 g5 34. Ke2 Nb8 35. Kd2 Nd7 36. Ra7 Nd5 37. Rxd7 Nxc3 38. Rc7+ Kxd4 39. Rxc3 Ke5 40. Rh3 Kf4 41. Rxh6 e5 42. f3 Kf5 43. Ke3 g4 44. fxg4+ Kxg4 45. Ke4 Kg5 46. Rh8 Kf6 47. Re8 Kg5 48. Kxe5 Kg4 49. Rf8 Kh4 50. Rg8 Kh5 51. Kf6 Kh4 52. Kf5 1-0

[Event "Bastiais Master"]
[Site "Bastia"]
[Date "2003.??.??"]
[Round "?"]
[White "Jorge, Rene"]
[Black "Le Roch, Cyrille"]
[Result "0-1"]
[WhiteElo "1499"]
[BlackElo "1540"]
[PlyCount "58"]
[EventDate "2003.??.??"]
[EventType "swiss"]
[EventRounds "7"]
[EventCountry "FRA"]
[SourceTitle "EXT 2007"]
[Source "ChessBase"]
[SourceDate "2006.11.23"]
[SourceVersion "1"]
[SourceVersionDate "2006.11.23"]
[SourceQuality "1"]

1. e4 c5 2. Nc3 Nc6 3. Bc4 Nf6 4. Nf3 e5 5. Ng5 d5 6. exd5 Nxd5 7. d3 Be7 8. Nxf7 Kxf7 9. Qf3+ Bf6 10. Bxd5+ Be6 11. 0-0 Bxd5 12. Nxd5 Nd4 13. Qe4 Nxc2 14. Rb1 Nd4 15. f4 Ne2+ 16. Qxe2 Qxd5 17. fxe5 Rhe8 18. Qh5+ Kg8 19. Bf4 Bxe5 20. Qg4 Bxf4 21. Rxf4 Qxd3 22. Rd1 Qe3+ 23. Kf1 Rf8 24. Rf3 Rae8 25. Qc4+ Kh8 26. a4 Rxf3+ 27. gxf3 Qxf3+ 28. Kg1 Qxd1+ 29. Kg2 Qe2+ 0-1